Lénine... Ou Lennon ? - Statistiques

Statistiques générales
  • Ce quiz a été pris 722 fois
  • Le résultat moyen est 9 sur 15
Statistiques - réponses
Question Réponse % Correct
A épousé une Japonaise Lennon
93%
A traversé Abbey Road Lennon
87%
A sa mort, son cerveau a été disséqué, analysé et conservé dans du formol Lénine
84%
Etait communiste Lénine
80%
Son corps est exposé au public Lénine
73%
Jouait d'un instrument Lennon
68%
Imaginait un monde éliminé des hiérarchies sociales Les deux
64%
Portait des lunettes rondes Lennon
63%
Son visage a beaucoup été représenté dans les arts Les deux
62%
A traversé la Place Rouge Lénine
61%
A dit "Là où il y a une volonté, il y a un chemin." Lénine
57%
Est mort assassiné Lennon
56%
A écris "Revolution" Lennon
37%
A un monument à New York Les deux
13%
A écris un texte qu'on peut traduire par "Le pouvoir au peuple" Lennon
10%
Aucun quiz correspondant
Distribution des résultats
% des personnes avec chaque résultat
Percentile par nombre de réponses
Votre historique - résultats
Vous n’avez pas pris ce quiz